000 00715nac a22001811u 4500
010 _a 2001044337
020 _a026212243X
082 0 0 _a332.4
_bL9953
090 _c2180
_d2180
100 _aLyons, Richard K.
245 1 4 _aThe microstructure approach to exchange rates /
_cRichard K. Lyons.
260 _aCambridge, Mass. :
_bMIT Press,2001
_c2001.
300 _axii, 333 p. :
_bill. ;
_c24 cm.
504 _aIncludes bibliographical references (p. [305]-323) and index.
650 0 _aForeign exchange rates
_xMathematical models.
942 _cBB
_k332.4 L9953
999 _c2180
_d2180